| 000 | 00935nam a2200229 a 4500 | ||
|---|---|---|---|
| 001 | BRCA_441 | ||
| 005 | 20190320203018.0 | ||
| 008 | 050905s2002----mx-a---###---#000-0#spa-# | ||
| 020 | _a9701875389 | ||
| 050 | 4 |
_aNK4565 _b.P67 2002 |
|
| 245 | 1 | 0 |
_aPorcelana de la Compañía de Indias para México _cdiseño Mónica Zacarías ; fotografía Ignacio Guevara. |
| 260 |
_aMéxico _bCONACULTA : INAH _c2002 |
||
| 300 |
_a93 p. _bil. a color _c30 cm. |
||
| 500 | _aCatálogo de la exposición realizada en el Museo Histórico de Acapulco, Fuerte de San Diego (México), Abril-julio 2002 | ||
| 500 | _aIncluye piezas de la colección Franz Mayer: platos y platones (p. 40, 41, 42, 43, 59, 70 y 78) | ||
| 500 | _aEstado físico: encuadernado, enero 2016 | ||
| 650 | 1 | 4 |
_aPorcelana _91509 |
| 650 | 1 | 4 |
_aCerámica mexicana _xColecciones privadas _91510 |
| 700 | 1 |
_aZacarías, Mónica _91511 |
|
| 700 | 1 |
_aGuevara, Ignacio _91512 |
|
| 942 |
_2lcc _cB |
||
| 999 |
_c376 _d376 |
||